000 00525nam a2200181Ia 4500
005 20250423100426.0
008 250422s9999 xx 000 0 und d
020 _a9781580475539
050 _aQM 25 .F85/
100 _aFullick, William
245 0 _aOrgans, systems, and surgery
260 _aNew York
260 _bOxford University Press
260 _c2022
300 _a355 p
650 _aHuman anatomy Human physiology Surgery Organ systems Medical sciences Cardiovascular system Surgical anatomy
942 _cBK
999 _c33266
_d33266